Normal view
MARC view
- G.N. Watson
Entry Personal Name
001 - CONTROL NUMBER
- control field: 10519
003 - CONTROL NUMBER IDENTIFIER
- control field: NUST
005 - DATE AND TIME OF LATEST TRANSACTION
- control field: 20180525054127.0
008 - FIXED-LENGTH DATA ELEMENTS
- fixed length control field: 180525|| aca||aabn | a|a d
040 ## - CATALOGING SOURCE
- Original cataloging agency: NUST
- Transcribing agency: NUST
100 ## - HEADING--PERSONAL NAME
- Personal name: G.N. Watson
670 ## - SOURCE DATA FOUND
- Source citation: Work cat.: (NUST): G.N. Watson , A Treatise on The Theory of Bessel Functions , 1966
